000 01650cam a22004577a 4500
003 CHAP
005 20220329141918.0
008 980527d1995 mx a r 00110 eng d
010 _a75614
011 _a76586
020 _a968692308X
022 _a0188-2465
035 _a86171
040 _cCHAP
082 0 4 _a633.11
_bM8
100 0 0 _aMujeeb-Kazi, A.
_eed.
_979311
245 1 0 _aUtilizing wild grass biodiversity in wheat improvement :
_b15 years of wide cross research at CIMMYT
_c/ed. by A. Mujeeb-Kazi and G. P. Hettel
260 _aMéxico, D. F. :
_bCentro Internacional de Mejoramiento de Maíz y Trigo,
_c1995.
300 _a140 p. :
_bilus.
410 2 1 _aCIMMYT. Grupo de recursos naturales
490 0 _aReseach report
_v; 2
510 4 _aReferences : 107-118 pp.
590 _aBATCH-UPD
_b10
_c20130110
_lUCH01
_h0618
590 _aBATCH-UPD
_b10
_c20130110
_lUCH01
_h2304
590 _aBATCH-UPD
_b10
_c20130410
_lUCH01
_h0301
590 _aBATCH-UPD
_b10
_c20130914
_lUCH01
_h0628
590 _aCONVERSION
_b10
_c20130109
_lUCH01
_h1341
650 1 4 _aBiodiversidad.
_912724
650 1 4 _aTrigo
_xGermoplasma.
_9115033
650 1 4 _aTrigo
_xHíbridos.
_9115039
650 1 4 _aTrigo
_xInvestigación.
_9115046
650 1 4 _aTrigo
_xMejoramiento.
_9115057
700 0 _aHettel, G. P.
_eed.
_955077
810 0 0 _aCIMMYT. Grupo de recursos naturales
_923313
830 0 0 _aReseach report
_v; 2
_996055
901 _aBK
905 _aLilia Sánchez G.
942 _cLIBRO
949 _a633.11 M8
_bBC
_cLIBRO
_d33724000691358
_eLIBRO
_h92694
_i86171
_sb
949 _a633.11 M8
_bBC
_cLIBRO
_d33724002203207
_eLIBRO
_fc.2
_h94549
_i86171
_kDonaciØn
_si
999 _c75614
_d75614